00809 a2200205 4500003000400000005001700004008004100021020001800062040000900080082002000089100002200109245006400131250001200195260003300207300001600240942004600256952014200302952014200444999001700586OSt20231215141158.0231215b |||||||| |||| 00| 0 eng d a9788126429028 coclc a894.8124bGOV/P aGovindan, M97456 aPuthiya Manushyan Puthiya Lokam Vol-1& Vol-2 /cM. Govindan a3rd ed. aKottayam:bD C Books,c2022. a2v., 1282p. 2ddccBKh894.8124iGOV/Pk894.8124mGOV/P 00102ddc40708ESSAYaMESbMEScMALd2023-12-15l0o894.8124 GOV/Pp43540r2023-12-15 14:13:05tvol. 1v1499.00w2023-12-15yBKzGR31R2 00102ddc40708ESSAYaMESbMEScMALd2023-12-15l0o894.8124 GOV/Pp43541r2023-12-15 14:14:25tvol. 2v1499.00w2023-12-15yBKzGR31R2 c44152d44152